00478nam a22001575i 450000100060000000300090000600500170001500700030003200800410003504000200007610000320009624500620012826000740019030000360026485200200030068418ES-MaACL20230906170300.0t|960805s1880 fr ||||1| spa d aCAM bspa cCAM1 aGarcía Ladevese, Ernesto.10aFuera de la patria ... / cpor Ernesto García Ladevese. aParis : bBiblioteca Moderna, c1880 (eClichy : fimp. Pablo Dupont) a392 p. [i.e. 239] p. ; c19 cm. aES-MaACLjD-900